| 000 | 00487nam a2200181Ia 4500 | ||
|---|---|---|---|
| 008 | 240925s9999 xx 000 0 und d | ||
| 020 | _a9781606923238 | ||
| 082 | _a621.45 OSP | ||
| 100 | _aOsphey ,Cedrick N. | ||
| 245 | 0 | _aWind Power Technology ,Economics and Policies | |
| 250 | _aNA | ||
| 260 |
_aNorth Carolina: _bVentana _c,2009. |
||
| 300 |
_axvi,751p. _bN.A _fOriginal |
||
| 500 | _aIncludes Index | ||
| 600 | _aElectronic Engineering | ||
| 650 | _aTechnology | ||
| 942 | _cBK | ||
| 999 |
_c11174 _d11174 |
||